| Tag |
First Indicator |
Second Indicator |
Subfields |
| LEADER |
00000cam a2200000Ka 4500 |
| 001 |
in00002597021 |
| 005 |
20151202120945.0 |
| 008 |
110419s1787 fr 000 1 fre d |
| 035 |
|
|
|a (OCoLC)ocn745900607
|
| 035 |
|
|
|a (OCoLC)745900607
|
| 040 |
|
|
|a TXA
|c TEF
|d UtOrBLW
|
| 049 |
|
|
|a TXAM
|
| 050 |
|
4 |
|a PQ2366.M85
|b C3 1787
|
| 090 |
|
|
|a PQ2366.M85
|b C37 1787
|
| 100 |
1 |
|
|a Montolieu, Isabelle de,
|d 1751-1832.
|
| 245 |
1 |
0 |
|a Caroline de Lichtfield /
|c par Madame de ***.
|
| 250 |
|
|
|a Nouv. éd /
|b avec des corrections considérables.
|
| 264 |
|
1 |
|a A Toulouse :
|b Chez Manavit,
|c 1787.
|
| 300 |
|
|
|a 2 volumes ;
|c 18 cm.
|
| 336 |
|
|
|a text
|b txt
|2 rdacontent
|
| 337 |
|
|
|a unmediated
|b n
|2 rdamedia
|
| 338 |
|
|
|a volume
|b nc
|2 rdacarrier
|
| 500 |
|
|
|a The Cushing Library/Dawson French copy of t.1 is lacking title page.
|
| 936 |
|
|
|a PR 495020269
|
| 948 |
|
|
|a cataloged
|b h
|c 2011/8/23
|d c
|e hgolay
|f 3:58:26 pm
|
| 994 |
|
|
|a C0
|b TXA
|
| 999 |
|
|
|a MARS
|
| 999 |
f |
f |
|s 23fabf4a-6548-38b4-a020-b1faea82c687
|i eff82147-58f0-3cfd-bf37-f7cea73a8af2
|t 0
|
| 952 |
f |
f |
|p noncirc
|a Texas A&M University
|b College Station
|c Cushing Memorial Library & Archives
|d Cushing: Dawson French (Does not check out)
|t 0
|e PQ2366.M85 C37 1787
|h Library of Congress classification
|i unmediated -- volume
|k t.1
|
| 952 |
f |
f |
|p noncirc
|a Texas A&M University
|b College Station
|c Cushing Memorial Library & Archives
|d Cushing: Dawson French (Does not check out)
|t 0
|e PQ2366.M85 C37 1787
|h Library of Congress classification
|i unmediated -- volume
|k t.2
|
| 998 |
f |
f |
|a PQ2366.M85 C37 1787
|s t.1-t.2
|t 0
|l Cushing: Dawson French (Does not check out)
|